Detalles MARC
| 000 -Cabecera |
| Campo de control de longitud fija |
02760ata a2201081 4500 |
| 005 - Fecha y hora de la última transacción |
| Campo de control |
20251107165207.0 |
| 008 - Elementos de longitud fija--Información general |
| Campo de control de longitud fija |
150515b2007 xxu||||| |||| 00| 0 spa d |
| 020 ## - International Standard Book Number |
| Número Internacional Estándar del Libro (ISBN) |
848259284X |
| 041 ## - Idioma |
| Código de idioma |
Español |
| 082 ## - Clasificación Decimal Dewey |
| Número de clasificación |
510 C569c |
| 245 ## - Título propiamente dicho |
| Título |
Ciencias matemáticas |
| 260 ## - Pie de imprenta |
| Lugar de publicación, distribución, etc. |
España |
| 260 ## - Pie de imprenta |
| Nombre del editor, distribuidor, etc. |
Ediciones Nauta |
| 260 ## - Pie de imprenta |
| Fecha de publicación, distribución, etc. |
2007 |
| 300 ## - Descripción física |
| Extensión |
381 páginas |
| 490 ## - Serie |
| Título de la Serie |
Temática General |
| 650 ## - Materia general |
| Temática (materia general) |
MATEMÁTICA |
| 650 ## - Materia general |
| Temática (materia general) |
ARITMÉTICA |
| 650 ## - Materia general |
| Temática (materia general) |
ÁLGEBRA |
| 650 ## - Materia general |
| Temática (materia general) |
GEOMETRÍA |
| 650 ## - Materia general |
| Temática (materia general) |
TRIGONOMETRÍA |
| 650 ## - Materia general |
| Temática (materia general) |
PROBABILIDAD |
| 650 ## - Materia general |
| Temática (materia general) |
ESTADÍSTICA |
| 650 ## - Materia general |
| Temática (materia general) |
NÚMEROS RACIONALES |
| 650 ## - Materia general |
| Temática (materia general) |
DIVISIBILIDAD |
| 650 ## - Materia general |
| Temática (materia general) |
NÚMEROS REALES |
| 650 ## - Materia general |
| Temática (materia general) |
SISTEMAS DE NUMERACIÓN |
| 650 ## - Materia general |
| Temática (materia general) |
CÁLCULOS APROXIMADOS |
| 650 ## - Materia general |
| Temática (materia general) |
GEOMETRÍA ANALÍTICA |
| 650 ## - Materia general |
| Temática (materia general) |
ECUACIONES |
| 650 ## - Materia general |
| Temática (materia general) |
INECUACIONES |
| 650 ## - Materia general |
| Temática (materia general) |
RAZONES TRIGONOMÉTRICAS |
| 650 ## - Materia general |
| Temática (materia general) |
RELACIONES |
| 650 ## - Materia general |
| Temática (materia general) |
TABLAS TRIGONOMÉTRICAS |
| 650 ## - Materia general |
| Temática (materia general) |
FÓRMULAS |
| 650 ## - Materia general |
| Temática (materia general) |
APLICACIONES DE LA TRIGONOMETRÍA |
| 650 ## - Materia general |
| Temática (materia general) |
FUNCIONES TRIGONOMÉTRICAS |
| 650 ## - Materia general |
| Temática (materia general) |
SUCESIONES |
| 650 ## - Materia general |
| Temática (materia general) |
LIMITADAS |
| 650 ## - Materia general |
| Temática (materia general) |
DERIVADAS |
| 650 ## - Materia general |
| Temática (materia general) |
DIFERENCIALES |
| 650 ## - Materia general |
| Temática (materia general) |
CÁLCULO INTEGRAL |
| 650 ## - Materia general |
| Temática (materia general) |
CÁLCULO DE PROBABILIDADES |
| 650 ## - Materia general |
| Temática (materia general) |
LEYES DE PROBABILIDAD |
| 650 ## - Materia general |
| Temática (materia general) |
REPRESENTACION GRÁFICA |
| 650 ## - Materia general |
| Temática (materia general) |
APROXIMACIÓN |
| 650 ## - Materia general |
| Temática (materia general) |
COMBINATORIA |
| 650 ## - Materia general |
| Temática (materia general) |
CONJUNTOS |
| 650 ## - Materia general |
| Temática (materia general) |
NÚMEROS |
| 650 ## - Materia general |
| Temática (materia general) |
IGUALDAD |
| 650 ## - Materia general |
| Temática (materia general) |
DESIGUALDAD |
| 650 ## - Materia general |
| Temática (materia general) |
NÚMEROS NATURALES |
| 650 ## - Materia general |
| Temática (materia general) |
NUMEROS ENTEROS |
| 650 ## - Materia general |
| Temática (materia general) |
POTENCIAS |
| 650 ## - Materia general |
| Temática (materia general) |
EXPONENTES |
| 650 ## - Materia general |
| Temática (materia general) |
FRACCIONES |
| 650 ## - Materia general |
| Temática (materia general) |
NÚMEROS PRIMOS |
| 650 ## - Materia general |
| Temática (materia general) |
NUMEROS COMPUESTOS |
| 650 ## - Materia general |
| Temática (materia general) |
POTENCIACIÓN |
| 650 ## - Materia general |
| Temática (materia general) |
RADICACIÓN |
| 650 ## - Materia general |
| Temática (materia general) |
LOGARITMOS |
| 650 ## - Materia general |
| Temática (materia general) |
INSTRUMENTOS DE CÁLCULO |
| 650 ## - Materia general |
| Temática (materia general) |
RAZONES |
| 650 ## - Materia general |
| Temática (materia general) |
PROPORCIONES |
| 650 ## - Materia general |
| Temática (materia general) |
REGLA DE TRES |
| 650 ## - Materia general |
| Temática (materia general) |
PROGRESIONES ARITMÉTICAS |
| 650 ## - Materia general |
| Temática (materia general) |
PROGRESIONES GEOMÉTRICAS |
| 650 ## - Materia general |
| Temática (materia general) |
EXPRESIONES ÁLGEBRAICAS |
| 650 ## - Materia general |
| Temática (materia general) |
POLINOMIOS |
| 650 ## - Materia general |
| Temática (materia general) |
FUNCIONES POLINÓMICAS |
| 650 ## - Materia general |
| Temática (materia general) |
FRACCIONES POLINÓMICAS |
| 650 ## - Materia general |
| Temática (materia general) |
GEOMETRÍA SINTÉTICA |
| 650 ## - Materia general |
| Temática (materia general) |
ÁNGULOS |
| 650 ## - Materia general |
| Temática (materia general) |
POLÍGONOS |
| 650 ## - Materia general |
| Temática (materia general) |
TRIÁNGULOS |
| 650 ## - Materia general |
| Temática (materia general) |
AREAS DE LOS POLÍGONOS |
| 650 ## - Materia general |
| Temática (materia general) |
CÁLCULO DE PROBABILIDADES |
| 650 ## - Materia general |
| Temática (materia general) |
LEYES DE PROBABILIDAD |
| 650 ## - Materia general |
| Temática (materia general) |
VARIABLES DISCRETAS |
| 650 ## - Materia general |
| Temática (materia general) |
VARIABLES CONTINUAS |
| 650 ## - Materia general |
| Temática (materia general) |
MEDIDAS DE TENDENCIA |
| 650 ## - Materia general |
| Temática (materia general) |
MODA |
| 650 ## - Materia general |
| Temática (materia general) |
MEDIANA |
| 650 ## - Materia general |
| Temática (materia general) |
MEDIA ARITMÉTICA |
| 650 ## - Materia general |
| Temática (materia general) |
DIAGRAMA |
| 650 ## - Materia general |
| Temática (materia general) |
HISTOGRAMA |
| 942 ## - Punto de acceso adicional KOHA |
| Tipo de ítem KOHA |
Libro |
| Fuente del sistema de clasificación o colocación |
Dewey Decimal Classification |